| 000 | 00646nam a2200205Ia 4500 | ||
|---|---|---|---|
| 001 | b3653-26121 [5140] | ||
| 003 | IT-MiCISF | ||
| 008 | 161014s9999||||xx |||||||||||||| ||und|| | ||
| 040 |
_aIT-MiCISF _cIT-MiCISF |
||
| 041 | _ait | ||
| 100 | _aAnfossi Giuseppe (a cura di) | ||
| 245 | 0 |
_aFamiglia e lavoro _bUn crocevia |
|
| 250 | _a1a ed. | ||
| 260 |
_a Casale M. (AL) _bPiemme _c1995 |
||
| 300 | _app. 188 | ||
| 500 | _aRuini C., Mejia J.M., Caselli L., Raffa A. e P., Spezzibottiani M., Tettamanzi D. / famiglia, lavoro, chiesa, società , pastorale, diritti-famiglia / | ||
| 650 | _alavoro | ||
| 942 | _cBK | ||
| 957 | _71 | ||
| 999 |
_a26121 _bsi _g1 _c213693 _d213693 |
||